=LDR 00000nam 2200000 4500 =001 NUTBA000000000000176 =005 20250519125041 =035 ##$$a 0010-031400000000175 =008 250519################g##########0#ind## =020 ##$$a 979-518-948-4 =040 ##$$a Ind =090 ##$$a 658 3$bFat m =100 #$$a Abdurrahmat Fathoni =245 1#$$a Manajemen sumber daya manusia /$c Abdurrahmat Fathoni =260 ##$$a Jakarta :$b Rineka cipta,$c 2006 =300 ##$$a ix,131 hlm. ; $c 21 cm =850 ##$$a NBPNMAT =082 ##$$a 658.3 =084 ##$$a 658.3 ABD m =250 ##$$a Cet. 1 =650 #4$$a Manajemen =990 ##$$a 90334/BPAP-NTB/2014 =990 ##$$a 92538/BPAP-NTB/2014 =990 ##$$a 90334/BPAP-NTB/2014 =990 ##$$a 92538/BPAP-NTB/2014